Utopía / (Record no. 135294)

MARC details
000 -LEADER
campo de control de longitud fija 00810nam a2200229 i 4500
001 - NÚMERO DE CONTROL
campo de control 135294
003 - IDENTIFICADOR DE NÚMERO DE CONTROL
campo de control ES-MaACL
005 - FECHA Y HORA DE LA ÚLTIMA TRANSACCIÓN
campo de control 20260214063017.0
007 - CAMPO FIJO DE DESCRIPCIÓN FÍSICA--INFORMACIÓN GENERAL
campo de control de longitud fija t|
008 - DATOS DE LONGITUD FIJA--INFORMACIÓN GENERAL
campo de control de longitud fija 070716s1913 xxk ||||1| eng d
080 ## - NÚMERO DE LA CLASIFICACIÓN DECIMAL UNIVERSAL
Número de la Clasificación Decimal Universal 304.9
100 0# - ENTRADA PRINCIPAL--NOMBRE DE PERSONA
Nombre de persona Tomás Moro,
Títulos y otros términos asociados al nombre Santo,
Fechas asociadas al nombre 1478-1535
9 (RLIN) 110523
245 10 - MENCIÓN DEL TÍTULO
Título Utopía /
Mención de responsabilidad, etc. Santo Tomás Moro ; translated by Raphe Robynson, Together with the life of Sir Thomas More, by his soninlaw, William Roper ; edited by J. Rawson Lumby.
260 ## - PUBLICACIÓN, DISTRIBUCIÓN, ETC.
Lugar de publicación, distribución, etc. Cambridge :
Nombre del editor, distribuidor, etc. University Press,
Fecha de publicación, distribución, etc. 1913.
300 ## - DESCRIPCIÓN FÍSICA
Extensión XIX, I-LVI, 259 p. ;
Dimensiones 17 cm.
650 #4 - PUNTO DE ACCESO ADICIONAL DE MATERIA--TÉRMINO DE MATERIA
Término de materia o nombre geográfico como elemento de entrada Utopías-
Subdivisión de forma Obras anteriores a 1800.
9 (RLIN) 143346
700 1# - ENTRADA AGREGADA--NOMBRE PERSONAL
Nombre de persona Robynson, Raphe.
9 (RLIN) 97967
700 1# - ENTRADA AGREGADA--NOMBRE PERSONAL
Nombre de persona Roper, William.
9 (RLIN) 99538
700 1# - ENTRADA AGREGADA--NOMBRE PERSONAL
Nombre de persona Lumby, J. Rawson.
9 (RLIN) 74738
852 ## - LOCALIZACIÓN
Ubicación ES-MaACL
Número de control de estantería G-1312
Holdings
Estatus retirado Estado de pérdida Estado de daño No para préstamo Biblioteca de origen Biblioteca actual Ubicación en estantería Fecha de adquisición Fuente de adquisición Total de préstamos Signatura topográfica completa Código de barras Visto por última vez Precio de reemplazo Tipo de ítem Koha
        Biblioteca del Ateneo de Madrid Biblioteca del Ateneo de Madrid Depósito 2 17/01/2008     G-1312 1140817 23/02/2023 23/02/2023 Libro impreso